Normal view
MARC view
Entry Personal Name
001 - CONTROL NUMBER
- control field: 17347
003 - CONTROL NUMBER IDENTIFIER
- control field: OSt
005 - DATE AND TIME OF LATEST TRANSACTION
- control field: 20230215094658.0
008 - FIXED-LENGTH DATA ELEMENTS
- fixed length control field: 230215|| aca||aabn | a|a d
040 ## - CATALOGING SOURCE
- Original cataloging agency: OSt
- Transcribing agency: OSt
100 ## - HEADING--PERSONAL NAME
- Personal name: သုနန္ဒ၊ ဘဒ္ဒန္တ၊ အဂ္ဂမဟာပဏ္ဍိတ
670 ## - SOURCE DATA FOUND
- Source citation: Work cat.: (OSt): သုနန္ဒ၊ ဘဒ္ဒန္တ၊ အဂ္ဂမဟာပဏ္ဍိတ, ဘာဝနာနယသင်္ခေပကျမ်း\, ၁၉၉၂